|
|
|
|
| LEADER |
01382nam a2200289 a 4500 |
| 001 |
c000411340 |
| 003 |
CARM |
| 005 |
00000000000000.0 |
| 008 |
s1990 pau b 00010 eng d |
| 019 |
1 |
|
|a 10129088
|
| 040 |
|
|
|a VDU
|c VDU
|
| 043 |
|
|
|a n-us-pa
|
| 082 |
0 |
4 |
|a 362.109748
|2 20
|
| 100 |
1 |
|
|a Ellison, Marsha Langer.
|
| 245 |
1 |
4 |
|a The dollars and sense of promoting the self-sufficiency of persons with disabilities through programs of independent living, in-home and family supports /
|c prepared by Marsha Langer Ellison and John Ashbaugh for Pennsylvania Coalition of Citizens with Disabilities.
|
| 260 |
0 |
|
|a Cambridge, Mass. :
|b Human Services Research Institute,
|c 1990.
|
| 300 |
|
|
|a 23, 6 p. ;
|c 28 cm.
|
| 504 |
|
|
|a Bibliography : p. 1-6.
|
| 650 |
|
0 |
|a People with disabilities
|x Government policy
|z Pennsylvania.
|
| 650 |
|
0 |
|a People with disabilities
|x Services for
|z Pennsylvania.
|
| 650 |
|
0 |
|a People with disabilities
|x Deinstitutionalization
|z Pennsylvania.
|
| 700 |
1 |
|
|a Ashbaugh, John W.
|
| 710 |
2 |
|
|a Human Services Research Institute (Cambridge, Mass.)
|
| 710 |
2 |
|
|a Pennsylvania Coalition of Citizens with Disabilities.
|
| 852 |
8 |
|
|b CARM
|h A3:AG19D0
|i F08133
|p 0582360
|f BK
|
| 999 |
f |
f |
|i 81a9e728-3d2a-5b3b-953d-29b53501a3e0
|s eb93ff30-7834-5dd7-b6da-87c8be55f0a9
|
| 952 |
f |
f |
|p Can circulate
|a CAVAL
|b CAVAL
|c CAVAL
|d CARM 1 Store
|e F08133
|f A3:AG19D0
|h Other scheme
|i book
|m 0582360
|